Loading...

Farming and gardening for health or diseases /

Bibliographic Details
Main Author: Howard, Albert .
Format: Printed Book
Language:English
Published: London : Faber and Faber Ltd , 1985.
Edition:1 /
LEADER 00538cam a2200169ua 4500
041 |a eng 
082 |a 635  |b HOW/FA 
100 |a Howard, Albert . 
245 |a Farming and gardening for health or diseases /   |c Albert Howard.  |h Textual Documents 
250 |a 1 /   |b . 
260 |a London :   |b Faber and Faber Ltd ,   |c 1985. 
300 |a 282 ; . 
504
541 |e 3452  
942 |c BK 
999 |c 36999  |d 36999 
952 |0 0  |1 0  |4 0  |6 635_000000000000000  |7 0  |9 48535  |a KAUAET  |b KAUAET  |d 2012-04-07  |m 0  |o 635  |p KAU_KCAET-3452   |r 2012-04-07  |w 2012-04-07  |y BK